LEADER 01344nam a2200253 i 4500 001 000000226044 003 CaOOAMICUS 005 20140103000000.0 008 140103s1895 it u000 u fre u 013 $a204946 040 $aSeMil$bita 100 1 $aThamin, Raymond <1857-1933>.$0(OLS)http://semarc/name/78463 245 10$aSaint Ambroise et la morale chrétienne au 4.e siècle :$bétude comparée des traités 'Des devoirs' de Cicéron et de saint Ambroise /$cpar Raymond Thamin. 260 $aParis :$bG. Masson,$c1895. 300 $a492 p. ;$c24 cm. 490 0 $aAnnales de l'Université de Lyon ;$v8 600 04$aAmbrogio .$0(OLS)http://semarc/subject/356 600 04$aCicerone, Marco Tullio <106-43 a.C.>.$0(OLS)http://semarc/subject/11048 650 4$aAmbrogio - Etica e morale.$0(OLS)http://semarc/subject/41075 830 0$aAnnales de l'Université de Lyon ;$v8.$0(OLS)http://semarc/title/18850 850 $aSeMil 852 $aSeMil$W1$xVenegono$y1$m2U V 36 FA$j176390$B176390$CSeMilBibl$Z2$F186926 $8I 996 $6245$aSaint Ambroise et la morale chrétienne au 4.e siècle :$bétude comparée des traités 'Des devoirs' de Cicéron et de saint Ambroise$9(OLS)http://semarc/title/323702 996 $6260$aParis :$bG. Masson$9(OLS)http://semarc/publisher/53446 LEADER 00996nam a2200217 i 4500 001 000000110448 003 CaOOAMICUS 005 20100301000000.0 008 100301s1967 xxk u000 u eng u 013 $a83129 040 $aSeMil$bita 100 1 $aPatterson, L. G.$0(OLS)http://semarc/name/46334 245 10$aGod and history in early christian thought :$bA Study of Themes from Justin Martyr to Gregory the Great /$cBy L. G. Patterson. 260 $aLondon :$bAdam & Charles Black,$ccopyr. 1967. 300 $aX, 164 p. ;$c23 cm. 490 0 $aStudies in Patristic thought 830 0$aStudies in Patristic thought.$0(OLS)http://semarc/title/30807 850 $aSeMil 852 $aSeMil$W1$xVenegono$y1$m2T I 215$j66335$B66335$CSeMilBibl$Z2$F73299 $81 996 $6245$aGod and history in early christian thought :$bA Study of Themes from Justin Martyr to Gregory the Great$9(OLS)http://semarc/title/160564 996 $6260$aLondon :$bAdam & Charles Black$9(OLS)http://semarc/publisher/34510